000 01255nam a2200313 4500
001 0000015446
003 CO-CtgCURN
005 20250825223110.0
008 160627s1993 000 0 eng d
020 _a8448701216
040 _aCO-CtgCURN
_bspa
_ccoctgcurn
082 0 _a320.1
_bR68c7
100 1 _aRousseau, Jean Jacques.
245 1 3 _aEl contrato social :
_bo principios de derecho politico /
_cpor Jean Jacques Rousseau , estudio preliminar y traducción de María José Villaverde.
260 _aBarcelona :
_bEdiciones Altaya,
_c1993.
300 _axxxiii, 140 p.
336 _2rdacontent
337 _2rdamedia
_asin mediacion
_bn
338 _2rdacarrier
_avolumen
_bnc
490 1 _aGrandes obras del pensamiento ;
_v2
500 _aTitulo original. Du contrat social.
504 _aBibliografia(p. xxx-xxxiii)
505 8 _aEl contrato social o principios de derecho politico.--Del pacto social.--Del estado civil.--De la ley.--Del pueblo.--Como se mantiene la autoridad soberana.--De la dictadura
650 0 _aCiencia política.
700 1 _aVillaverde, María José,
_eTraductor.
908 _a160627
942 _cBK
_h320.1
_iR68c7
_2ddc
999 _c49510
_d49510
_x1